000 00546nam a2200193Ia 4500
005 20250508154036.0
008 008 250505s9999 xx 000 0 eng d
037 _aTextual
040 _aFEDL
_beng
_cFEDL
041 _aeng
_2eng
084 _a372, CUR
_qFEDL
100 _aCurtin James
_9764927
245 0 _aSupervision in today's elementary schools
260 _aNew York, USA
_bThe Macmillan Company
_c1964
300 _ax,302p.
650 _aElementary Education
942 _cTEXL
_h372, CUR
999 _c1347226
_d1347226